Wizards - Lord of the Rings - Statistics

General Stats
  • This quiz has been taken 88 times
  • The average score is 4 of 5
Answer Stats
Wizards % Correct
Gandalf
99%
Saruman
97%
Radagast
93%
Pallando
44%
Alatar
38%
No matching quizzes found
Score Distribution
Percent of People with Each Score
Percentile by Number Answered
Your Score History
You have not taken this quiz